Kvaziklassičeskaja teorija modeľnoj chimičeskoj reakcii /

Gespeichert in:
Bibliographische Detailangaben
1. Verfasser: Tolmačev, Vladimir Veniaminovič
Format: Buch
Sprache:Russisch
Veröffentlicht: Moskva : Universität, 1981
Online-Zugang: Volltext
Tags: Tag hinzufügen
Keine Tags, Fügen Sie den ersten Tag hinzu!

MARC

LEADER 00000nam a2200000 4500
003 SK-BrCVT
005 20220617210147.0
008 030102s1981 rur e ||||||rus d
035 |a CVTIDW0966609 
040 |b slo  |a CVTI SR 
041 0 |a rus 
044 |a rur 
080 |a 530.145:544.4  |2 UDC-MRF 
100 1 |a Tolmačev, Vladimir Veniaminovič 
242 1 0 |a Kváziklasická teória modelovej chemickej reakcie 
245 1 0 |a Kvaziklassičeskaja teorija modeľnoj chimičeskoj reakcii /  |c Vladimir Veniaminovič Tolmačev 
260 |a Moskva :  |b Universität,  |c 1981 
300 |a 118 s. 
692 |a OR ZH JM MM 
910 |b A404434 
974 |f Knihy 
992 |a AMG 
999 |c 123691  |d 123691